|
|
|
|
| LEADER |
00000nam a2200000Ia 4500 |
| 008 |
180711b2006 cr ||||| |||| 00| | spa d |
| 999 |
|
|
|c 2222
|d 2222
|
| 090 |
|
|
|a 18.01.01
|b 1282
|
| 110 |
|
|
|a Universidad de Costa Rica. Escuela de Formación Docente. Feria Nacional de Ciencia y Tecnología
|9 3987
|
| 245 |
1 |
0 |
|a Información breve de los proyectos: Feria Nacional de Ciencia e Ingeniería 2006 /
|c Escuela de Formación Docente.
|
| 260 |
|
|
|a Costa Rica:
|b Escuela de Formación Docente,
|c 2006
|
| 300 |
|
|
|a 5 páginas
|
| 650 |
1 |
4 |
|a PROYECTO BRICKLAM
|9 3988
|
| 650 |
1 |
4 |
|a PROYECTO DE INVESTIGACION
|9 3951
|
| 650 |
1 |
4 |
|a INGENIERÍA
|9 1299
|
| 650 |
1 |
4 |
|a CIENCIA
|9 890
|
| 942 |
|
|
|i 002040
|h 18.01.01 1282
|2 z
|c 01
|